Neuropymes: aprenda a vender y fidelizar usando neuromarketing (Registro nro. 7772)
[ vista simple ]
| 000 -CABECERA | |
|---|---|
| campo de control de longitud fija | 00808nam a22002777a 4500 |
| 005 - FECHA Y HORA DE ACTUALIZACIÓN | |
| campo de control | 20220304100520.0 |
| 008 - LONGITUD FIJA | |
| campo de control de longitud fija | 160303b xxu||||| |||| 00| 0 spa d |
| 020 ## - INTERNATIONAL STANDARD BOOK NUMBER | |
| Número Internacional Estándar del Libro | 9788436828610 |
| 041 ## - IDIOMA | |
| Código de idioma del texto/pista de sonido o título separado | |
| 082 ## - CLASIFICACIÓN DECIMAL DEWEY | |
| Número de clasificación | 658.022 R934n |
| 100 ## - AUTOR PERSONAL | |
| Nombre de persona | Ruíz Pardo, José |
| 245 ## - TÍTULO PROPIAMENTE DICHO | |
| Título | Neuropymes: aprenda a vender y fidelizar usando neuromarketing |
| 260 ## - PIE DE IMPRENTA | |
| Lugar de publicación, distribución, etc. | España |
| Nombre del editor, distribuidor, etc. | Pirámide |
| Fecha de publicación, distribución, etc. | 2013 |
| 300 ## - DESCRIPCIÓN FÍSICA | |
| Extensión | 244 páginas |
| 650 ## - Materia General | |
| Materia general | NEUROMARKETING |
| 650 ## - Materia General | |
| Materia general | EXPERIENCIA CORPORATIVA |
| 650 ## - Materia General | |
| Materia general | COLORES CORPORATIVOS |
| 650 ## - Materia General | |
| Materia general | INTERNET |
| 650 ## - Materia General | |
| Materia general | COMERCIALES |
| 650 ## - Materia General | |
| Materia general | MARCA PERSONAL |
| 650 ## - Materia General | |
| Materia general | RECURSOS HUMANOS |
| 650 ## - Materia General | |
| Materia general | ESTANCIA CORPORATIVA |
| 650 ## - Materia General | |
| Materia general | NOMBRE DE EMPRESA |
| 650 ## - Materia General | |
| Materia general | PYMES |
| 942 ## - Punto de Acceso Adicional Koha | |
| Tipo de ítem Koha | Libro |
| Estado perdido | Estado dañado | No para préstamo | Biblioteca permanente | Biblioteca actual | Signatura completa | Código de barras | Precio efectivo a partir del | Tipo de ítem |
|---|---|---|---|---|---|---|---|---|
| Departamento de Biblioteca y Documentación Alfonso Chase Brenes | Departamento de Biblioteca y Documentación Alfonso Chase Brenes | 658.022 R934n | 20589 | 03/03/2016 | Libro |